[Event "Elgoibar 10th"]
[Site "Elgoibar"]
[Date "2000.??.??"]
[Round "5"]
[White "Lopez Martinez, Josep Manuel"]
[Black "Fernandez Garcia, Jose Luis"]
[Result "1-0"]
[WhiteElo "2477"]
[BlackElo "2454"]
[Annotator "Krasenkow,M"]
[PlyCount "123"]
[EventDate "2000.11.28"]
[EventType "tourn"]
[EventRounds "9"]
[EventCountry "ESP"]
[EventCategory "11"]
[SourceTitle "CBM 081"]
[Source "ChessBase"]
[SourceDate "2001.03.20"]
[SourceVersion "1"]
[SourceVersionDate "2001.03.20"]
[SourceQuality "1"]

1. d4 Nf6 2. c4 g6 3. Nc3 d5 4. Nf3 Bg7 5. cxd5 Nxd5 6. e4 Nxc3 7. bxc3 c5 8.
Rb1 O-O 9. Be2 b6 10. O-O Bb7 11. Qd3 Ba6 12. Qe3 Qd7 {Thanks to the game
Avrukh-Kasparov, this line has become quite popular.} 13. Bxa6 (13. dxc5 {
has recently brought White some successes:} Bxe2 14. Qxe2 bxc5 15. Qc4 Qc6 16.
e5 Nd7 17. Re1 Nb6 18. Qh4 Qa4 19. Qxe7 Qxa2 20. Rb5 (20. Bd2 Qd5 (20... Qc4)
21. Rb5 Rfc8 22. e6 fxe6 23. Ng5 Re8 24. Qf7+ Kh8 25. Be3 $14 {Beliavsky,
A-Avrukh,B/European Cup, Neum 2000}) 20... Rac8 (20... Rfe8 21. Qxc5 Rec8 22.
Qd4 Qc2 23. Bd2 $14 {L.Van Wely}) 21. Rxc5 Nd5 22. Qd6 Nxc3 23. Rxc8 Rxc8 24.
Bd2 $14 {1-0 (33) Van Wely,L-Avrukh,B/European Cup, Neum 2000-CBM80}) 13...
Nxa6 14. Qe2 (14. d5 $5 {, which I considered harmless in CBM80, deserves, in
fact, serious attention. To} Qa4 {White replies} 15. Qe2 $1 {transforming to
the below line} ({the immediate} 15. Rb3 {is not dangerous:} Nc7 16. Ra3 Qd7
17. c4 e5 $11 18. Qg5 $2 f6 19. Qh4 Ne8 20. Nd2 Nd6 21. Rh3 h6 22. f4 exf4 23.
Qxf4 g5 24. Qg3 Rae8 25. Qd3 f5 $17 {0-1 Clavijo,J-Mikhalchishin,A/34th
Olympiad, Istanbul TUR (8) 2000 (37)-CBM80})) 14... Qa4 (14... Nc7 {is
probably more solid:} 15. Rd1 Rad8 16. Be3 Qa4 17. Rdc1 Rd7 18. Qc2 Qxc2 19.
Rxc2 cxd4 20. cxd4 f5 21. Rbc1 Nb5 22. e5 f4 $132 {1/2-1/2 (37) Avrukh,
B-Kasparov,G/Israeli League 2000-CBM77}) 15. Bg5 (15. d5 $1 {is an important
novelty found by GM E.Najer.} Bxc3 $2 (15... c4 {should be considered}) {
loses due to} 16. Rb3 {[%cal Rb3a3,Rb3c3]} Bb4 17. Ne5 {with an overwhelming
attack for White, e.g.} Rac8 18. Rh3 c4 19. Qe3 {1-0 Najer,E-Yuferov,S/
Chigorin Mem 2000}) 15... e6 16. e5 {This plan is not very dangerous as Black
obtains good counterplay along the c-file.} cxd4 17. cxd4 Rfc8 18. Qe4 $6 {
White starts a desperate attack, which can hardly succeed in this position.} (
18. Rfc1 {was probably more appropriate.}) 18... Nc7 19. Qh4 Nd5 {[%csl Gd5]}
20. Bh6 Qe8 {Black plays too carefully.} ({There seems to be nothing wrong with
} 20... Rc2 {and if} 21. Ng5 {then} Bxe5 (21... Bh8 {also works}) 22. Nxe6 Re8
23. Qg5 Bxh2+ 24. Kxh2 fxe6 25. Qe5 Qd7 {and White's compensation for the pawn
is insufficient for equality.}) 21. Ng5 Qf8 (21... Bh8 $5) 22. Bxg7 Qxg7 {
[%csl Rg7] The black queen is too passive now.} 23. Ne4 $6 {White decides to
give up the c-file to transfer his knight to d6.} (23. Rbc1 {was more solid, e.
g.} Nc3 $1 ({otherwise} 23... Z0 24. Ne4) 24. Rc2 b5 25. Ne4 $11) 23... Rc4 $5
(23... Rc2) 24. Rbc1 {If} (24. Nd6 {then} Ra4 {[%cal Rg7e5]} 25. Qe4 Rxa2 {
winning the a2 pawn in a favourable situation. Therefore White decides to
trade a pair of rooks in order to weaken Black's 8th rank.}) 24... Rac8 25.
Rxc4 Rxc4 26. Nd6 Rc6 (26... Rc2 {doesn't change much as Black can hardly play}
27. Z0 Rxa2 {in view of} 28. Rc1) 27. Qd8+ {Otherwise Black could activate his
queen by means of ...g6-g5 and ...Qg6} Qf8 28. Qd7 Rc7 29. Qa4 {White has no
kingside attack anymore and thanks to the control of the c-file Black
maintains the better prospects.} Qd8 {[%cal Yd8g5]} (29... Qa8 $5 {[%cal Ya8c6]
}) 30. g3 {This weakens the f3 square but it is difficult to find another
useful move.} (30. f4 Qa8 {[%cal Rd5e3]}) 30... Nc3 {This removal of the
knight from the centre should be accurately calculated.} (30... Qa8 31. Qa6 Qc6
{was still possible.}) 31. Qa6 Qa8 {[%cal Ra8f3]} 32. Qd3 {White gives up his
a2 pawn to prevent 32...Qf3.} (32. Re1 Qf3 (32... b5 33. Qa5) 33. Ne8 Rc6 (
33... Ne4 34. Qe2 Ng5 35. h4 Rc1 36. hxg5 Qxe2 37. Rxc1 $44) 34. Nf6+ Kg7 35.
Ne8+ Kh8 (35... Kh6 36. Qf1) 36. Nd6 Kg8 $17) 32... Nxa2 {Winning the pawn but
removing the knight away from the crucial points, which gives White some
counteplay.} (32... Qd5 {was not good in view of} 33. Ne8 Qc4 34. Nf6+ Kg7 35.
Qd2 $132) (32... Qc6 $5 33. a3 Qa4 34. Z0 $140 Nd5) 33. Ne4 {Preventing} (33.
Z0 Nc3) 33... Nb4 34. Nf6+ Kg7 (34... Kh8 $142 {[%cal Yb4d5]} 35. Qd2 $140 Nd5
36. Qh6 Nxf6 37. exf6 Qg8 {and Black's queenside pawns should eventually
decide the game.}) 35. Qb5 {Now, because of the 36.Ne8+ threat, Black must
give up the d5 square.} Nc6 36. d5 exd5 37. Qxd5 Re7 $4 {[%mdl 16384] Black 
(probably under time pressure) arranges his pieces in the worst possible way!
The rook is placed on e7 so awkwardly that Black gets into serious trouble.
The correct course was} (37... Rc8 $1 38. Rc1 $1 (38. f4 Rd8) 38... Ne7 39.
Qxa8 Rxa8 40. Rc7 Nf5 {[%cal Ya7a5,Ya5a4,Ya4a3,Ya3a2,Ya2a1]} 41. Nd5 (41. Ne4
Re8 42. f4 Re7) 41... Nd4 ({better than} 41... Rd8 42. Nc3 {[%cal Rc7a7,Re5e6]}
) 42. f4 Ne6 {and Black should win.}) 38. f4 {The diagonal pin is now very
unpleasant.} Re6 (38... Rc7 {is too late:} 39. Qd6 Rc8 (39... Re7 40. Rc1 Re6
41. Qd5) 40. Ng4 $18) 39. Rc1 h6 (39... Qd8 40. Qxd8 Nxd8 41. Rc8 Nc6 42. Rg8+
Kh6 43. g4 $18) 40. h4 {A useful profilactical move. White needn't hurry!} Qb7
41. Ne4 {[%cal Re4d6]} b5 (41... Na5 42. Qxb7 Nxb7 43. Rc7 Nc5 44. Nd6 $16) (
41... Qc8 42. Nd6 Ne7 $1 43. Qd2 Qb8 44. Rc7 $1 $16) 42. Nc5 Qb6 43. Kg2 Re7
44. Qd6 b4 $2 {Blundering a piece but after} (44... a5 45. h5 {(see annotation
to 40.h4) White gets a decisive attack anyway.}) 45. Na4 Qe3 46. Qf6+ Kh7 47.
Qxc6 $18 b3 48. Rf1 Qd4 49. Rf2 Qb4 50. Nb2 a5 51. f5 gxf5 52. Rxf5 Qb7 53.
Qxb7 Rxb7 54. e6 fxe6 55. Rxa5 Kg6 56. Kf3 h5 57. Rg5+ Kh6 58. Re5 Rb6 59. Ke4
Kg6 60. Rg5+ Kh6 61. Kd3 Rb4 62. Kc3 1-0

[Event "Olympiad-34"]
[Site "Istanbul"]
[Date "2000.11.05"]
[Round "8.1"]
[White "Clavijo, Jorge Mario"]
[Black "Mikhalchishin, Adrian"]
[Result "0-1"]
[WhiteElo "2414"]
[BlackElo "2544"]
[Annotator "Krasenkow,M"]
[PlyCount "74"]
[EventDate "2000.10.28"]
[EventType "team-swiss"]
[EventRounds "14"]
[EventCountry "TUR"]
[SourceTitle "EXT 2001"]
[Source "ChessBase"]
[SourceDate "2000.11.22"]
[SourceVersion "1"]
[SourceVersionDate "2000.11.22"]
[SourceQuality "1"]
[WhiteTeam "Columbia"]
[BlackTeam "Slovenia"]
[WhiteTeamCountry "COL"]
[BlackTeamCountry "SLO"]

1. d4 Nf6 2. c4 g6 3. Nf3 Bg7 4. Nc3 d5 5. cxd5 Nxd5 6. e4 Nxc3 7. bxc3 c5 8.
Rb1 O-O 9. Be2 b6 10. O-O Bb7 11. Qd3 Ba6 12. Qe3 Qd7 13. Bxa6 Nxa6 14. d5 {
An unsuccessful attempt to improve White's play comparing to the following
game:} (14. Qe2 Nc7 15. Rd1 Rad8 16. Be3 Qa4 17. Rdc1 Rd7 18. Qc2 Qxc2 19. Rxc2
cxd4 20. cxd4 f5 21. Rbc1 Nb5 22. e5 f4 $132 {1/2-1/2 Avrukh,B-Kasparov,G/
Israeli League 2000 (37) - CBM77}) 14... Qa4 {Black's task is not to allow
further advance of the white pawns (e4-e5 etc.).} 15. Rb3 {With idea to push
away Black's queen and play c3-c4.} ({After} 15. e5 Nc7 16. Qd3 c4 17. Qd2 Qa5
{White has no means to protect his d-pawn.}) 15... Nc7 16. Ra3 Qd7 17. c4 {
White has managed to support his d5 pawn but his a3 rook is now poorly placed.}
e5 $8 {[%cal Yc7e8,Ye8d6]} 18. Qg5 $2 {Instead od this senseless kingside
demonstration, White should prevent Black's plan by means of} (18. Rd1 {and if}
Ne8 {then} 19. d6 $1 $13) 18... f6 19. Qh4 Ne8 20. Nd2 Nd6 21. Rh3 h6 22. f4 $6
{This only weakens White's position} exf4 23. Qxf4 {[%csl Rc4,Re4]} g5 24. Qg3
Rae8 25. Qd3 f5 {[%cal Rg7d4,Re8e1]} 26. exf5 Rxf5 27. Rhf3 Rxf3 28. Nxf3 (28.
Qxf3 Re3 $1) 28... Qf5 {The c4 pawn is now helpless.} 29. Qd1 Qg4 30. Re1 Qxc4
31. Rxe8+ Nxe8 32. Be3 Nd6 33. Bf2 Qxa2 34. h3 Ne4 35. Be3 Nc3 36. Qd3 Qxd5 37.
Qg6 Qe4 0-1

[Event "Moscow Aeroflot op-A"]
[Site "Moscow"]
[Date "2006.02.10"]
[Round "3"]
[White "Markus, Robert"]
[Black "Mamedyarov, Shakhriyar"]
[Result "0-1"]
[WhiteElo "2595"]
[BlackElo "2709"]
[Annotator "Krasenkow,M"]
[PlyCount "54"]
[EventDate "2006.02.08"]
[EventType "swiss"]
[EventRounds "9"]
[EventCountry "RUS"]
[SourceTitle "CBM 112"]
[Source "ChessBase"]
[SourceDate "2006.06.07"]
[SourceVersion "1"]
[SourceVersionDate "2006.06.07"]
[SourceQuality "1"]

1. d4 Nf6 2. c4 g6 3. Nc3 d5 4. cxd5 Nxd5 5. Bd2 Bg7 6. e4 Nb6 7. Be3 O-O 8.
Bb5 {We examined this tricky line in several CBM issues (99,104). White
provokes ...a7-a6 to weaken the position of the b6 knight. In the present game
Black replies quite logically.} a6 ({For the immediate} 8... f5 {- see
annotations to Drazic-Lupulescu in CBM 99.}) 9. Be2 f5 10. Nf3 $2 {It's not a
good idea to allow 10...f4.} (10. Nh3 fxe4 11. Qb3+ e6 12. Nf4 Qe7 13. d5 {
met a strong response} Rxf4 $1 14. Bxf4 Qf7 15. Be3 exd5 16. Bxb6 cxb6 17. Nxd5
Be6 18. Bc4 b5 19. Ne7+ Qxe7 20. Bxe6+ Kh8 21. Bd5 Nd7 22. O-O Nc5 $44 {
0-1 Barsov,A-Zabotin,A/Moscow RUS 2006/The Week in Chess 588 (31)}) (10. exf5 {
is the "normal" move but Black has no problems anyway:} Bxf5 (10... gxf5 $6 {
, weakening his kingside, is very dubious:} 11. Qd2 Qd6 12. g3 Nc6 13. Nf3 Be6
14. Bf4 Qd7 15. Bh6 Nxd4 16. Nxd4 Bxd4 17. O-O-O c5 $2 (17... Rf6 $142) 18.
Qg5+ Kh8 19. Rxd4 Qxd4 20. Bxf8 Rxf8 21. Qxe7 $18 {1-0 Bosch,J-Bosboom,M/
Netherlands NED 2005/The Week in Chess 593 (40)}) 11. Qb3+ (11. Bf3 Nc6 12.
Nge2 Qd6 13. O-O Rad8 14. Qb3+ {1/2-1/2 Dreev,A-Svidler,P/Moscow 2005/CBM 111})
11... Kh8 12. Nf3 Qd6 13. O-O Nc6 14. d5 Na5 15. Qd1 Rad8 16. Rc1 Nac4 17. Bxc4
Nxc4 18. Bd4 Nxb2 19. Bxg7+ Kxg7 20. Qd4+ Qf6 $15 {1/2-1/2 Fressinet,L-Balogh,
C/Moscow 2006/CBM 112 (30)}) 10... f4 11. Bc1 Nc6 12. d5 (12. e5 Bg4 $17) 12...
Ne5 {Black has set up a strong blockade.} 13. Qb3 Qd6 {...a7-a6 proves useful
for Black now as White can't play Nc3-b5.} 14. O-O Nxf3+ 15. Bxf3 g5 16. e5 $5
(16. h3 Nd7 {is quite gloomy. White tries to lift the blockade at a price of a
pawn.}) 16... Bxe5 17. Ne4 Qg6 18. Nc5 (18. d6+ $2 Be6) 18... Bd6 19. Ne6 Bxe6
20. dxe6 g4 {[%mdl 128] Black goes for attack, not caring of his queenside
pawns.} 21. Bxb7 Rab8 22. Bxa6 Qh5 23. Rd1 {White's lack of development,
poorly protected king and ill-fated a6 bishop don't allow him to organize
solid defense:} (23. f3 Nd5 $1 24. Qc4 (24. fxg4 Qe5 $1 25. Qf3 (25. Qd1 Nb4
26. Be2 f3 $1 $19) 25... Nb4 26. Be2 Nc2 $19) (24. Qd1 Bc5+ 25. Kh1 Rf6 $19 {
[%cal Rh5h2]}) 24... Nb4 $1 25. fxg4 Qe5 26. Rf3 Rb6 $19 {[%csl Ra6]}) (23. g3
Nd5 $1 24. Qc2 (24. Qd1 Qh3 $19 {[%cal Rf4g3,Ca6e2,Cd1d5,Rf4f3]}) 24... Nb4 25.
Qc4 f3 26. Rd1 Qh3 27. Qf1 Nxa6 $19) 23... Nd7 $2 {Bringing the knight into
attack but} (23... g3 $1 {was the right, more energetic course:} 24. fxg3 (24.
h3 gxf2+ 25. Kxf2 Bc5+ 26. Kf1 f3 $19) 24... fxg3 25. h3 Nc4 $1 26. Qd3 (26.
Qc2 Bc5+ 27. Kh1 Rf2) 26... Nxb2 27. Bxb2 Rxb2 $19 {[%cal Od6c5,Cd1d2,Cd2b2,
Rf8f2]}) 24. Qc2 $2 (24. Qd5 Ne5) (24. Qc3 g3 $1) ({but after} 24. Rd5 $1 Ne5
25. Qc3 {the position remained unclear.} Nf3+ $4 26. Qxf3) 24... Ne5 25. Rd4 (
25. Rd5 g3 26. hxg3 fxg3 27. fxg3 Nf3+ $19) 25... g3 $1 26. h3 (26. fxg3 Bc5 $1
$19) (26. hxg3 fxg3 27. fxg3 Ng4 $19) 26... f3 $1 27. Bf4 (27. fxg3 fxg2 28.
Kxg2 Qf3+ 29. Kh2 Rb6 $19 {-again trapping this poor bishop!}) (27. Be3 fxg2
28. Kxg2 gxf2 29. Be2 Nf3 $1 $19) 27... fxg2 0-1

[Event "EU-ch 2nd"]
[Site "Ohrid"]
[Date "2001.06.11"]
[Round "10"]
[White "Khenkin, Igor"]
[Black "Romanishin, Oleg M"]
[Result "1-0"]
[WhiteElo "2609"]
[BlackElo "2559"]
[Annotator "Krasenkow,M"]
[PlyCount "67"]
[EventDate "2001.06.01"]
[EventType "swiss"]
[EventRounds "13"]
[EventCountry "YUG"]
[SourceTitle "CBM 084"]
[Source "ChessBase"]
[SourceDate "2001.09.13"]
[SourceVersion "1"]
[SourceVersionDate "2001.09.13"]
[SourceQuality "1"]

1. d4 Nf6 2. c4 g6 3. Nc3 d5 4. cxd5 Nxd5 5. e4 Nxc3 6. bxc3 Bg7 7. Nf3 c5 8.
Be3 Qa5 9. Qd2 O-O 10. Rc1 Bg4 11. d5 {Another principled move, along with} (
11. Ng5 {, which we examined in CBM69.}) 11... Bxf3 (11... Nd7 $6 {is hardly
good in view of} 12. c4 {creating a strong pawn centre, e.g.} Qb6 (12... Qa3
13. Ng5 ({or} 13. Be2 Nf6 14. Bd3 e6 15. Rc3 Qa5 16. Rb3 Qxd2+ 17. Nxd2 exd5
18. exd5 b6 19. a4 $36 {1-0 Zierke,O-Sislian,H/Germany 1989/EXT 97-B (35)})
13... Nb6 14. h3 Bd7 15. Bd3 Na4 16. O-O a6 17. Nf3 b5 18. Bh6 Bxh6 19. Qxh6 f6
20. Bc2 e5 21. dxe6 Bxe6 22. e5 Ra7 23. Rfe1 fxe5 24. Bxg6 Rxf3 25. Be4 Rff7
26. Rcd1 Rad7 27. Bxh7+ {1-0 Sherbakov,R-Kachar,V/Moscow 1999/CBM 70 (27)}) (
12... Qb4 $5) 13. Be2 Qb4 14. h3 Bxf3 15. Bxf3 a6 16. Be2 Qxd2+ 17. Kxd2 $14 {
Cebalo,M-Cseshkovsky,V/Banjaluka 1981/Inf 31 (17)}) (11... f5 $5 {is
interesting but hardly sufficient for equality, e.g.} 12. c4 Qc7 13. Bf4 e5 14.
dxe6 Qc6 15. Qd5 Re8 16. e7+ $5 (16. Bd6 $2 fxe4 17. Ng5 Bh6 18. Nxe4 $4 (18.
h4 Bxe6 $15) 18... Rxe6 {0-1 Hansen,G-Thorgersen,T/Vettre 1993/EXT 2000 (18)})
16... Qxd5 17. cxd5 fxe4 18. Nd2 $14) (11... e6 $6 {doesn't make sense in view
of} 12. c4 {, e.g.} Qa3 13. Ng5 e5 14. h3 Bd7 15. g4 f6 16. Nf3 Na6 17. Bd3 Nc7
18. Rc3 Qa5 19. Rb3 Qxd2+ 20. Nxd2 b6 21. f4 $16 {1-0 Schneider,S-Sanden,S/
Sweden 1999/EXT 2000 (43)}) (11... e5 12. c4 Qc7 {,with idea of blockade,
deserves attention:} 13. Ng1 $6 (13. Ng5 $142) 13... Na6 14. f3 Bd7 15. Ne2 Qd6
16. Nc3 Nc7 17. Be2 f5 18. a4 a5 19. exf5 gxf5 20. O-O b6 21. Kh1 Rae8 22. Rb1
Na6 23. Rbe1 Nb4 {0-1 Rivas Pastor,M-Tseitlin,M/Ubeda ESP 2001/The Week in
Chess 325 (39)}) 12. gxf3 Nd7 (12... c4 {gives up the d4 square and gives
White an opportunity to attack on the kingside:} 13. Bd4 (13. Be2 $6 Nd7 14.
O-O Rac8 15. Rfd1 Rfd8 16. f4 Nc5 17. e5 Nd3 $1 18. Bxd3 Rxd5 19. Qb2 Rxd3 20.
Qxb7 Rcd8 21. Rxd3 cxd3 {0-1 Petursson,M-Brinck Claussen,B/Copenhagen 1981/EXT
2000/[ChessBase] (45)}) (13. h4 $5 h5 14. Bd4 b5 15. Bh3 Na6 16. Bxg7 Kxg7 17.
f4 Qb6 18. Rb1 Nc5 19. Qd4+ Kh7 20. Ke2 Nd3 21. Ke3 Rab8 22. Bf1 Qa5 23. Bxd3
cxd3 24. Qxd3 $16 {1/2-1/2 Gavrilov,A-Kozlov,V/Moscow 1991/CBM 24 ext (51)})
13... b5 14. h4 (14. Bh3 Qc7 15. Bxg7 Kxg7 16. Qd4+ f6 17. O-O Nd7 18. Bxd7
Qxd7 19. Rfe1 e5 20. dxe6 Qxe6 $11 {1/2-1/2 Smith,B-Esserman,M/Philadelphia
USA 2001/The Week in Chess 351 (52)}) 14... Bxd4 (14... h5 {-13.h4}) 15. Qxd4
Qb6 16. Qd2 Qf6 17. f4 e5 18. fxe5 Qf3 19. Rh3 Qxe4+ 20. Re3 Qxh4 21. Bg2 $44 {
[%csl Gd5,Ge5] 1-0 Kocovski,I-Colovic,A/Ohrid 2001/CBM 84_01 (31)}) 13. c4 ({
White should not play passively like in the following game:} 13. Be2 Rfd8 14.
O-O $6 Nf6 15. Qc2 Qc7 16. Kh1 $6 Nh5 17. Rg1 Be5 18. h3 Nf4 {0-1 Eperjesi,
L-Groszpeter,A/Kecskemet 1979/EXT 99 (40) with an excellent position for Black.
}) 13... Qc7 14. f4 ({White shouldn't spend time on the exchange of the black
knight:} 14. Bh3 Rab8 15. Bxd7 Qxd7 16. Bxc5 b5 17. Qe3 bxc4 18. O-O Rbc8 (
18... Rb2 $5) 19. Rxc4 Qh3 20. e5 Bh6 21. Qe4 f5 22. exf6 Rxf6 $44 {Gavrikov,
V-Romanishin,O/Yerevan 1982 and Black even won the game.}) 14... e5 15. fxe5 $1
{The right solution of the exchange problem! White now obtains a strong mobile
pawn centre. Much worse are:} (15. f5 Nf6 16. Bd3 Nh5 $1 $11 {Dautov,R} (16...
gxf5 $2 17. exf5 e4 18. Be2 Qe5 19. Rg1 Qxh2 20. Rg3 Nh5 21. Rg5 Nf6 22. Kd1
$44 {Birnboim,N-Shvidler,E/Israel (ch) 1984/Inf 37 (22)})) (15. dxe6 $6 fxe6
16. Bh3 Rae8 17. O-O Nf6 18. e5 Nh5 19. Bg4 Bh6 (19... b6 $5 {Dautov,R}) 20.
Qd6 Qf7 21. Qxc5 Bxf4 22. Bxh5 gxh5 23. Bxf4 Qxf4 24. Qe3 $11 {1/2-1/2 Dautov,
R-Romanishin,O/Istanbul TUR 2000/The Week in Chess 314 (28)}) 15... Nxe5 16.
Be2 {[%cal Yf2f4,Ye4e5]} Qe7 (16... Rad8 $5 {[%cal Ye5c6,Yc6d4]} 17. O-O Rfe8
18. f4 (18. Qc2 $142 $1 {preventing 18...Nc6} Qc8 {[%cal Yc8h3,Ye5g4]} 19. f4
Ng4 20. Bxg4 Qxg4+ 21. Kh1 $16) 18... Nc6 19. e5 g5 (19... f6 $5) 20. Bxc5 Nxe5
21. Bd4 (21. Bxa7 Ng6 22. c5 {[%cal Ra7b6]} Rxd5 $1 23. Qxd5 Nxf4 $44) 21...
gxf4 22. Qxf4 Rd6 23. Bh5 (23. Rcd1 $5 Ng6 24. Qf2) 23... Ng6 24. Qf2 Bxd4 25.
Qxd4 Re5 $11 {1/2-1/2 Raceanu,V-Seel,C/Balatonlelle HUN 2001 (39).}) 17. f4 Nd7
18. Bf3 ({It is too early to play} 18. e5 {because of} g5) 18... g5 $5 {
Black sacrifices a pawn to prevent e4-e5 and occupy the e5 square; however,
that isn't a sufficient compensation. With a pair of bishops, the strong d5
pawn, the f-file at his disposal and possibilities of kingside attack, White
will confidently bring home his advantage. Therefore...} 19. fxg5 Ne5 20. Be2
f5 $5 {The only chance for Black is to make use of White's uncastled king.} 21.
exf5 (21. gxf6 $143) 21... Rxf5 22. Rf1 Qf7 ({If} 22... Raf8 {, entering this
rook into the game, then} 23. Rxf5 Rxf5 24. d6 Qe6 25. Qd5 $1 (25. Rd1 $143
Nf3+ $1 26. Bxf3 Rxf3 27. d7 Rxe3+ 28. Kf2 (28. Kf1 Qxc4+ 29. Kg1 Qg4+ 30. Kh1
Qe4+ 31. Kg1 Re1+ $3 32. Qxe1 Bd4+ $19) 28... Qf5+ $1 29. Kxe3 Bd4+ 30. Ke2
Qf2+ 31. Kd3 Qf5+ $11) 25... Qxd5 26. cxd5 b6 27. d7 Rf8 28. Bb5 Rd8 29. Bf4 {
White is better in this endgame, thanks to his passed pawns and pair of
bishops but there is a lot of play ahead. The text move is more accurate.}) 23.
Rxf5 Qxf5 24. d6 Rd8 $2 {Allowing the white queen to the central d5 square,
after which Black is unable to create any attack and White wins quite easily.}
({After the exchange of the knight for the bishop the endgame is very
difficult for Black:} 24... Nf3+ 25. Bxf3 Qxf3 26. Qd5+ Qxd5 27. cxd5 b6 28.
Kd2 Rd8 29. Kd3 Rxd6 30. Kc4 $16) (24... Qe4 $1 {was probably the most
accurate. After} 25. Qd5+ Qxd5 26. cxd5 b6 {we have an endgame similar to the
one arising after 22...Raf8 but the black rook is placed better (a8 instead of
f5).}) 25. Qd5+ {[%csl Gd5]} Kh8 (25... Qf7 26. Bxc5 {is hopeless for Black.})
26. Rd1 (26. Bxc5 Qxg5 27. Rd1 {was quite good, too}) 26... b6 27. h4 Qh3 28.
Qe4 Qg3+ 29. Bf2 Qh2 30. Rd5 Rf8 31. Be3 Ng6 $2 {Loses at once.} 32. d7 Qb8 33.
h5 Ne5 34. h6 {It remains an open question whether Black can equalize after 10.
..Bg4.} 1-0